000
00174nam a2200073Ia 4500
008
170817s9999 xx 000 0 und d
100
_a
Machway.Prabhaker
245
0
_a
GandhiJi-Ke Ashram
260
_b
N.C.E.R.T
999
_c
38118
_d
38118